| 000 | 00742cam a2200253 a 4500 | ||
|---|---|---|---|
| 001 | 4393037 | ||
| 003 | NUST | ||
| 005 | 20230327101944.0 | ||
| 008 | 910712s1991 pk 000 0 urdo | ||
| 010 | _a 91930213 | ||
| 020 |
_a9690008447 : _cRs225.00 |
||
| 040 |
_aDLC _cDLC _dDLC |
||
| 050 | 0 | 0 |
_aPK2200.A693 _bN36 1991 |
| 082 | _a891.4392,ASH | ||
| 100 | 0 |
_aAshfāq Aḥmad, _d1925-2004. _9639 |
|
| 245 | 1 | 0 |
_aNangay Paoon / _cAsḥfaq Aḥmad. |
| 260 |
_aLahore : _bFirozsanz, _c1991. |
||
| 300 |
_a665 p. ; _c22 cm. |
||
| 500 | _aPlays. | ||
| 500 | _aIn Urdu. | ||
| 906 |
_a7 _bcbc _corignew _d3 _encip _f19 _gy-gencatlg |
||
| 942 |
_2ddc _cBK _k891.4392,ASH |
||
| 999 |
_c594320 _d594320 |
||